| 000 | 01078nam a2200301 i 4500 | ||
|---|---|---|---|
| 003 | CO-BoRNBP | ||
| 005 | 20250120153031.0 | ||
| 007 | ta | ||
| 008 | 250120s2023 Uy a|||| |||| 00| 0 spa d | ||
| 020 | _a9789915670324 | ||
| 040 |
_aCO-BoRNBP _bspa _cCO-BoRNBP _erda |
||
| 041 | _aspa | ||
| 084 | _aC CUE | ||
| 100 |
_aEquipo editorial Mammoth World _eautor _957545 |
||
| 245 | 1 | 6 |
_aEn el océano _bEncuentra quién se esconde/ _cEquipo editorial Mammoth World |
| 250 | _aprimera edición | ||
| 264 | 4 |
_aMontevideo, Uruguay, _b©Latinbooks International S.A. _c2023 |
|
| 300 |
_a16 páginas, _bilustraciones a color, páginas troqueladas, atractivas texturas, tapa dura, _calto 18 cm ancho 18 cm |
||
| 336 |
_2rdacontent _atexto _btxt |
||
| 337 |
_2rdamedia _asin mediación _bn |
||
| 338 |
_2rdacarrier _avolumen _bnc |
||
| 490 |
_a¿Quién soy? _pTexturas |
||
| 650 |
_2LEMB _aLiteratura infantil _92746 |
||
| 650 |
_2LEMB _aCuento infantil _916411 |
||
| 650 |
_2LEMB _aTexturas _vestimulación _957580 |
||
| 650 |
_2LEMB _aimaginación _vsentidos _957581 |
||
| 942 |
_2ddc _cLIBELEC |
||
| 999 |
_c56786 _d56786 |
||